|
|
|
|
| LEADER |
00000nam a2200000 a 4500 |
| 001 |
vtls001100019 |
| 003 |
SK-MaSNL |
| 005 |
20260301104903.0 |
| 008 |
250414s1982 xo 0 slo |
| 015 |
|
|
|a SNBA1982/12
|
| 035 |
|
|
|a SNK000042861
|
| 040 |
|
|
|a SNK
|b slo
|c SNK
|e AACR2
|
| 041 |
0 |
|
|a slo
|
| 044 |
|
|
|a xo
|c SK
|
| 080 |
|
|
|a 636.082(075.8)(076.5)
|2 1981
|
| 100 |
1 |
|
|a Gavalier, Michal
|4 aut
|9 7458
|
| 245 |
1 |
0 |
|a Návody na cvičenia zo všeobecnej zootechniky
|b Pre poslucháčov PEF - prevádzkovo-ekonomického študijného odboru
|c Michal Gavalier, Ondrej Kadlečík ; Kadlečík,Ondrej
|
| 250 |
|
|
|a 3. vyd.
|
| 260 |
|
|
|a Bratislava
|b Príroda
|a S.l.
|b VŠP v Nitre [vyd.]
|c 1982
|e Nitra
|f Nitrianske tlačiarne
|
| 300 |
|
|
|a 103 s., 6,87 AH
|b Tb. Sch.
|c 29 cm
|
| 366 |
|
|
|e 400 výtl.
|
| 490 |
1 |
|
|a Vysokoškolské učebné texty
|
| 650 |
0 |
7 |
|a zootechnika
|2 SNKPH
|9 68200
|
| 655 |
|
7 |
|a učebnice vysokých škôl
|2 SNKPH
|9 70191
|
| 655 |
|
7 |
|a praktické cvičenia
|2 SNKPH
|9 70517
|
| 700 |
1 |
|
|a Kadlečík, Ondrej,
|d 1948-
|4 aut
|9 113490
|
| 830 |
|
0 |
|a Vysokoškolské učebné texty
|9 276539
|
| 852 |
|
|
|a Slovenská národná knižnica
|
| 954 |
|
|
|a zootechnika
|a zvieratá hospodárske
|
| 958 |
|
|
|a OND
|
| 958 |
|
|
|a TL
|
| 958 |
|
|
|a UV
|
| 999 |
|
|
|c 699396
|d 701326
|
| 952 |
|
|
|t P60, <04>, [BOOK], {604}
|a SNK
|b SNK
|y VYP
|7 0
|p 17A0341084
|o snkSB 34715 D1
|i snkKSP 10576/82
|0 0
|1 0
|4 0
|d 2002-05-20
|l 0
|r 2004-12-31 00:00:00
|w 2026-02-23
|
| 952 |
|
|
|a SNK
|b SNK
|y PREZ
|7 0
|p 17A0953017
|o snkSB 34715
|0 0
|1 0
|4 0
|d 2012-07-19
|f 1
|l 0
|r 2025-04-10 00:00:00
|w 2026-02-23
|